000 00727cam a22002054a 4500
005 20250605163938.0
008 250528s ||||||||||||||||||||||||d
035 _a14946
020 _a415125723
040 _aGR-AtMCL
_bgre
_dGR-AtMCL
_eAACR2
245 1 _aGeographic Information Systems / Socioeconomic Applications
250 _a2nd
260 _bRouledge,
_c1996
300 _a212
520 _aAcknowledgements, Introduction, The Development of GIS, GIS Applications, Theories of GIS, Data Collection and Input, Data Storage, Data Manipulation, Data Output and Display, Towards a Socioeconomic GIS, Conclusion, Bibliography, Index.
700 1 _aMartin David
_9757
942 _cBK
999 _c555
_d555